| 000 | 00619cam a2200205 a 4500 | ||
|---|---|---|---|
| 020 | _a0664227864 (v. 1 : U.S. ed.) | ||
| 020 | _a0281053014 (v. 1 : U.K. ed.) | ||
| 020 | _a0664227872 (v. 2 : U.S. ed.) | ||
| 020 | _a0281054878 (v. 2 : U.K. ed.) | ||
| 041 | _aENG | ||
| 082 | 0 | 0 |
_a226.2077 _bWRI |
| 100 | 1 | _aWright, N. T. | |
| 245 | 1 | 0 | _aMatthew for everyone : Part - 1 |
| 250 | _a2nd ed. | ||
| 260 |
_aLondon : _bSPCK ; _aLouisville, KY : _bWestminster John Knox Press, _cc2004. |
||
| 300 |
_a223. _bmap ; |
||
| 505 | 0 | _apt. 1. Chapters 1-15 -- | |
| 650 |
_aBible.--Matthew _aBible.--New Testament |
||
| 942 | _cBK | ||
| 999 |
_c22865 _d22865 |
||